Tapping experiments on older rubber (Record no. 70222)

MARC details
000 -LEADER
fixed length control field 00313nam a2200133Ia 4500
100 ## - MAIN ENTRY--AUTHOR NAME
Personal name Ng E K
245 #0 - TITLE STATEMENT
Title Tapping experiments on older rubber
260 ## - PUBLICATION, DISTRIBUTION, ETC. (IMPRINT)
Name of publisher Planters Bulletin
Year of publication 1965
300 ## - PHYSICAL DESCRIPTION
Number of Pages 226-235
650 ## - SUBJECT ADDED ENTRY--TOPICAL TERM
Topical Term Rubber
650 ## - SUBJECT ADDED ENTRY--TOPICAL TERM
Topical Term Tapping
942 ## - ADDED ENTRY ELEMENTS (KOHA)
Koha item type Journals
Holdings
Withdrawn status Lost status Damaged status Not for loan Home library Current library Shelving location Date acquired Serial Enumeration / chronology Koha item type
      Journals RRII Library RRII Library Physiology 17/12/2021 Volume 80, Issue Journals